000 00259nam a22001217a 4500
008 171023b xxu||||| |||| 00| 0 eng d
041 _aeng
080 _a338
100 _a54
101 _aMEN
245 _aOPERATIONS MANAGEMENT
_cEVANS.C
942 _2udc
_cBK
999 _c35418
_d35418